[Event "Hillerod-ch C"]
[Site "Hillerod"]
[Date "2017.06.13"]
[Round "6"]
[White "Hein, Jacob"]
[Black "Pedersen, Jan"]
[Result "1-0"]
[WhiteElo "1475"]
[BlackElo "1529"]
[PlyCount "69"]
[EventDate "2017.05.02"]
[EventType "tourn"]
[EventRounds "7"]
[EventCountry "DEN"]
[SourceTitle "EXT 2023"]
[Source "ChessBase"]
[SourceDate "2022.10.05"]
[SourceVersion "1"]
[SourceVersionDate "2022.10.05"]
[SourceQuality "1"]

1. Nc3 Nf6 2. Nf3 d5 3. d4 Bg4 4. Ne5 Bf5 5. h3 Nc6 6. Bf4 Nb4 7. Nd3 Nxd3+ 8. cxd3 e6 9. Rc1 c5 10. Qa4+ Qd7 11. Nb5 Rc8 12. Bd6 a6 13. Nc7+ Rxc7 14. Qxd7+ Nxd7 15. Bxc7 cxd4 16. Ba5 b6 17. Rc8+ Ke7 18. Bb4+ Kf6 19. Bd2 a5 20. g4 Bg6 21. h4 h6 22. g5+ Ke7 23. b4 hxg5 24. bxa5 bxa5 25. Bxa5 gxh4 26. Bd8+ Kd6 27. Bxh4 e5 28. Be7+ Bxe7 29. Rhxh8 f5 30. Bh3 e4 31. Rc2 e3 32. f4 Ke6 33. Bg2 Bd6 34. Rg8 Kf7 35. Bxd5+ 1-0

[Event "Hillerod-ch C"]
[Site "Hillerod"]
[Date "2017.06.13"]
[Round "7"]
[White "Pedersen, Jan"]
[Black "Jorgensen, Orla Eilegaard"]
[Result "1/2-1/2"]
[WhiteElo "1529"]
[BlackElo "1731"]
[PlyCount "100"]
[EventDate "2017.05.02"]
[EventType "tourn"]
[EventRounds "7"]
[EventCountry "DEN"]
[SourceTitle "EXT 2023"]
[Source "ChessBase"]
[SourceDate "2022.10.05"]
[SourceVersion "1"]
[SourceVersionDate "2022.10.05"]
[SourceQuality "1"]

1. d4 Nf6 2. c4 e6 3. Nc3 d5 4. Bg5 Be7 5. cxd5 exd5 6. e3 0-0 7. Bd3 Nbd7 8. Nf3 c5 9. dxc5 Nxc5 10. Bc2 Re8 11. 0-0 Qb6 12. Rb1 a5 13. Bxf6 Bxf6 14. Nxd5 Qc6 15. Nxf6+ Qxf6 16. Qd4 Qc6 17. Rfc1 b6 18. a3 a4 19. h3 Bxh3 20. Bxh7+ Kxh7 21. Ng5+ Kg8 22. Nxh3 Rad8 23. Qh4 Qg6 24. Nf4 Qe4 25. Qg3 Nb3 26. Re1 Qe5 27. Ne2 Qf5 28. Qf4 Qc2 29. Qxa4 Re4 30. Nd4 Rdxd4 31. exd4 Rxd4 32. Qe8+ Kh7 33. Qe2 Qg6 34. Qe3 Nd2 35. Rbd1 Rd3 36. Rxd2 Rxe3 37. Rxe3 Qb1+ 38. Kh2 g6 39. Rb3 Qc1 40. Rdd3 Qf4+ 41. Rg3 Qxf2 42. Rgf3 Qd4 43. Rxf7+ Kg8 44. Rff3 Qd6+ 45. Rg3 Kg7 46. Rbd3 Qe5 47. b4 b5 48. Rc3 Qh5+ 49. Kg1 Qd1+ 50. Kh2 Qh5+ 1/2-1/2

[Event "Hillerod-ch C"]
[Site "Hillerod"]
[Date "2017.05.02"]
[Round "1"]
[White "Eliasen, Rune"]
[Black "Pedersen, Jan"]
[Result "1-0"]
[WhiteElo "1651"]
[BlackElo "1529"]
[PlyCount "37"]
[EventDate "2017.05.02"]
[EventType "tourn"]
[EventRounds "7"]
[EventCountry "DEN"]
[SourceTitle "EXT 2023"]
[Source "ChessBase"]
[SourceDate "2022.10.05"]
[SourceVersion "1"]
[SourceVersionDate "2022.10.05"]
[SourceQuality "1"]

1. e4 e5 2. Bc4 Be7 3. d3 Nf6 4. Nf3 Nc6 5. c3 Na5 6. Bb3 Nxb3 7. axb3 d6 8. h3 0-0 9. Be3 b6 10. Nbd2 Be6 11. Nf1 a5 12. Ng3 Qd7 13. Ng5 h6 14. Nxe6 Qxe6 15. Nf5 Nh7 16. Qg4 g5 17. h4 Rae8 18. hxg5 Qg6 19. Rxh6 1-0

[Event "Hillerod CC 1617 B"]
[Site "Hillerod"]
[Date "2017.04.04"]
[Round "9"]
[White "Pedersen, Jan"]
[Black "Sorensen, Viggo"]
[Result "1-0"]
[WhiteElo "1528"]
[BlackElo "1718"]
[PlyCount "135"]
[EventDate "2016.12.13"]
[EventType "tourn"]
[EventRounds "9"]
[EventCountry "DEN"]
[SourceTitle "EXT 2023"]
[Source "ChessBase"]
[SourceDate "2022.10.05"]
[SourceVersion "1"]
[SourceVersionDate "2022.10.05"]
[SourceQuality "1"]

1. d4 f5 2. c4 Nf6 3. Nc3 g6 4. Bf4 Bg7 5. e3 d6 6. Nf3 0-0 7. Be2 Qe8 8. 0-0 Na6 9. a3 c5 10. dxc5 Nxc5 11. Rb1 Bd7 12. b4 Ne6 13. Nd5 Nh5 14. Qd2 Rc8 15. Rfc1 h6 16. h4 Nhxf4 17. Nxf4 g5 18. Nxe6 Bxe6 19. hxg5 Qg6 20. gxh6 Bxh6 21. g3 f4 22. Kg2 fxe3 23. fxe3 Qe4 24. Qd3 Qxd3 25. Bxd3 Bxe3 26. Re1 Bxc4 27. Bxc4+ Rxc4 28. Rxe3 Rc2+ 29. Kg1 e5 30. Rd1 e4 31. Rd2 Rc1+ 32. Ne1 Rfc8 33. Rxe4 R8c3 34. Kf2 Rxa3 35. Rxd6 Ra2+ 36. Kf1 Rh2 37. Rh4 Rb2 38. Rd8+ Kg7 39. Rd7+ Kg6 40. Rxb7 Rbb1 41. Re7 Kf6 42. Rhe4 Rxb4 43. Rxb4 Kxe7 44. Rb7+ Kf6 45. Rxa7 Rc3 46. Kg2 Rc1 47. Nd3 Rc2+ 48. Kh3 Rc8 49. g4 Rc3 50. Rd7 Ke6 51. Rd8 Ke7 52. Rd4 Ke6 53. Kh4 Kf6 54. g5+ Kg7 55. Kh5 Rc2 56. Rd7+ Kf8 57. Kg6 Rd2 58. Ne5 Re2 59. Kf6 Rf2+ 60. Ke6 Ra2 61. g6 Ra6+ 62. Kf5 Ra1 63. g7+ Kg8 64. Ng4 Ra5+ 65. Kf6 Ra6+ 66. Kg5 Ra5+ 67. Kg6 Rd5 68. Nf6# 1-0

[Event "DEN-chT 1617 55th"]
[Site "Denmark"]
[Date "2017.02.26"]
[Round "7.2"]
[White "Rasmussen, Allan Stig"]
[Black "Pedersen, Jan"]
[Result "1-0"]
[WhiteElo "2513"]
[BlackElo "1528"]
[PlyCount "55"]
[EventDate "2016.10.29"]
[EventType "team-tourn"]
[EventRounds "9"]
[EventCountry "DEN"]
[SourceTitle "EXT 2018"]
[Source "ChessBase"]
[SourceDate "2017.10.13"]
[SourceVersion "1"]
[SourceVersionDate "2017.10.13"]
[SourceQuality "1"]
[WhiteTeam "Jetsmark"]
[BlackTeam "Copenhagen 68"]
[WhiteTeamCountry "DEN"]
[BlackTeamCountry "DEN"]

1. d4 e6 2. c4 Nf6 3. Nc3 b6 4. e4 Bb4 5. Bd3 Bb7 6. Qc2 Nc6 7. Nf3 e5 8. d5 Nd4 9. Nxd4 exd4 10. a3 Bxc3+ 11. bxc3 dxc3 12. Qxc3 d6 13. Bb2 Qe7 14. 0-0 0-0-0 15. Rae1 Rhg8 16. f4 Nd7 17. e5 g6 18. Bc2 Nc5 19. Qh3+ Qd7 20. e6 fxe6 21. dxe6 Qe7 22. Bf6 Qxf6 23. e7+ Kb8 24. exd8Q+ Rxd8 25. Qxh7 Qd4+ 26. Rf2 Bxg2 27. Qe7 Rh8 28. Rd1 1-0

[Event "Hillerod CC 1617 B"]
[Site "Hillerod"]
[Date "2016.12.13"]
[Round "1"]
[White "Jahic, Afan"]
[Black "Pedersen, Jan"]
[Result "0-1"]
[WhiteElo "1375"]
[BlackElo "1528"]
[PlyCount "90"]
[EventDate "2016.12.13"]
[EventType "tourn"]
[EventRounds "9"]
[EventCountry "DEN"]
[SourceTitle "EXT 2023"]
[Source "ChessBase"]
[SourceDate "2022.10.05"]
[SourceVersion "1"]
[SourceVersionDate "2022.10.05"]
[SourceQuality "1"]

1. e4 e5 2. Nf3 Nc6 3. Bb5 a6 4. Ba4 b5 5. Bb3 d6 6. h3 Na5 7. c3 Nxb3 8. axb3 Be7 9. 0-0 Nf6 10. Re1 0-0 11. d4 exd4 12. Nxd4 Bb7 13. Nd2 c5 14. Nf5 Re8 15. e5 dxe5 16. Rxe5 Bd6 17. Rxe8+ Nxe8 18. Nxd6 Qxd6 19. Qe2 Nf6 20. Nf1 Re8 21. Be3 Qd5 22. f3 Qxb3 23. Qf2 Qc4 24. Re1 h6 25. Ng3 Qe6 26. Bd2 Qd5 27. Rxe8+ Nxe8 28. Ne4 c4 29. Nc5 Nf6 30. Nxb7 Qxb7 31. Qh4 Qd5 32. Bxh6 Qd1+ 33. Kh2 Qd6+ 34. Bf4 Qd5 35. Bg5 Nh7 36. Bf4 g5 37. Qg4 f5 38. Qg3 Qd8 39. h4 Kf7 40. Bxg5 Nxg5 41. Qxg5 Qxg5 42. hxg5 a5 43. Kg3 b4 44. Kf2 bxc3 45. bxc3 a4 0-1

[Event "DEN-chT 1213"]
[Site "Denmark"]
[Date "2013.02.17"]
[Round "7.5"]
[White "Pedersen, Jan"]
[Black "Rewitz, Poul"]
[Result "1-0"]
[WhiteElo "2392"]
[BlackElo "2252"]
[PlyCount "111"]
[EventDate "2012.10.27"]
[EventType "team-tourn"]
[EventRounds "9"]
[EventCountry "DEN"]
[SourceTitle "EXT 2023"]
[Source "ChessBase"]
[SourceDate "2022.10.05"]
[SourceVersion "1"]
[SourceVersionDate "2022.10.05"]
[SourceQuality "1"]
[WhiteTeam "Nordea"]
[BlackTeam "Copenhagen 68"]
[WhiteTeamCountry "DEN"]
[BlackTeamCountry "DEN"]

1. e4 c6 2. d4 d5 3. exd5 cxd5 4. c3 Nf6 5. Bf4 Nc6 6. Nf3 Bg4 7. Qb3 Qb6 8. Qxb6 axb6 9. Ne5 Nxe5 10. Bxe5 Nd7 11. Bb5 0-0-0 12. Bg3 e6 13. Nd2 Nf6 14. f3 Bf5 15. 0-0 Bd6 16. Be5 Bxe5 17. dxe5 Nd7 18. Bxd7+ Kxd7 19. Nb3 Bd3 20. Rfe1 Ra8 21. Nd4 Bc4 22. a3 g5 23. Rad1 Ba6 24. g3 Rag8 25. Kf2 Rg6 26. Rh1 f6 27. Rde1 Rf8 28. h4 g4 29. exf6 Rgxf6 30. f4 Bd3 31. Re5 Be4 32. Rc1 Kd6 33. Ke3 Bg6 34. Kd2 Re8 35. c4 Rc8 36. cxd5 Rxc1 37. Nb5+ Kd7 38. Kxc1 exd5 39. Rxd5+ Ke7 40. Nc3 Rd6 41. Rxd6 Kxd6 42. b4 Be8 43. Kd2 Bc6 44. Ke3 Ke6 45. Kd4 h6 46. Nd1 Bg2 47. Ne3 Bf3 48. Nc4 b5 49. Ne5 Kf5 50. Nxf3 gxf3 51. Ke3 Kg4 52. Kf2 h5 53. f5 Kxf5 54. Kxf3 b6 55. g4+ hxg4+ 56. Kg3 1-0

[Event "DEN-chT 0809"]
[Site "Denmark"]
[Date "2009.02.22"]
[Round "7.4"]
[White "Pedersen, Jan"]
[Black "Baekgaard, Martin"]
[Result "1/2-1/2"]
[WhiteElo "2397"]
[BlackElo "2272"]
[PlyCount "82"]
[EventDate "2008.11.01"]
[EventType "team-tourn"]
[EventRounds "9"]
[EventCountry "DEN"]
[SourceTitle "EXT 2023"]
[Source "ChessBase"]
[SourceDate "2022.10.05"]
[SourceVersion "1"]
[SourceVersionDate "2022.10.05"]
[SourceQuality "1"]
[WhiteTeam "Aarhus/Skolerne"]
[BlackTeam "Jetsmark"]
[WhiteTeamCountry "DEN"]
[BlackTeamCountry "DEN"]

1. g3 d5 2. Bg2 Nf6 3. Nf3 e6 4. 0-0 Be7 5. d3 0-0 6. Nbd2 c5 7. e4 Nc6 8. Re1 b5 9. exd5 exd5 10. d4 Qb6 11. h3 Bb7 12. Nb3 c4 13. Nc5 Bxc5 14. dxc5 Qxc5 15. Be3 Qd6 16. Nd4 a6 17. Nxc6 Qxc6 18. Qd4 Rfe8 19. c3 Ne4 20. Kh2 Qg6 21. Bf4 h5 22. Re2 Qf6 23. Qxf6 Nxf6 24. Rae1 Rxe2 25. Rxe2 Re8 26. Rxe8+ Nxe8 27. g4 hxg4 28. hxg4 Kf8 29. Kg3 Ke7 30. g5 Nd6 31. Bxd6+ Kxd6 32. Kf4 Bc6 33. Bh3 a5 34. a3 Kc5 35. Ke5 b4 36. axb4+ axb4 37. f4 bxc3 38. bxc3 f6+ 39. gxf6 gxf6+ 40. Kxf6 d4 41. cxd4+ Kxd4 1/2-1/2

[Event "IECC M-5287"]
[Site "IECC email"]
[Date "2005.07.26"]
[Round "?"]
[White "Popp, Tony"]
[Black "Pedersen, Jan"]
[Result "1-0"]
[WhiteElo "1378"]
[BlackElo "1378"]
[PlyCount "123"]
[EventDate "2005.??.??"]
[EventType "tourn (corr)"]
[EventRounds "10"]
[SourceTitle "Corr 2020"]
[Source "ChessBase"]
[SourceDate "2019.09.30"]
[SourceVersion "1"]
[SourceVersionDate "2019.09.30"]
[SourceQuality "1"]
[WhiteTeam "United States"]
[BlackTeam "Canada"]
[WhiteTeamCountry "USA"]
[BlackTeamCountry "CAN"]

1. a3 e5 2. c4 d5 3. cxd5 Qxd5 4. Nc3 Qd8 5. Nf3 Bd6 6. g3 Bd7 7. Bg2 Nc6 8. d3 Nge7 9. Ne4 0-0 10. 0-0 Be6 11. Nfg5 Qd7 12. Nxe6 Qxe6 13. Nxd6 cxd6 14. b4 a6 15. Bb2 Rac8 16. Rc1 Rfd8 17. Qd2 d5 18. Rc2 Nd4 19. Rxc8 Rxc8 20. Bxd4 exd4 21. Qb2 Rc3 22. Rb1 b6 23. a4 Qc6 24. b5 axb5 25. Qxb5 Rc1+ 26. Rxc1 Qxc1+ 27. Bf1 Qc6 28. Qb4 Qc5 29. Qxc5 bxc5 30. a5 Nc6 31. a6 c4 32. dxc4 dxc4 33. Bg2 c3 34. Be4 Kf8 35. Kf1 Na7 36. Bd3 Ke7 37. e3 dxe3 38. fxe3 Kd6 39. Ke2 Kc5 40. Bxh7 Kb4 41. Bc2 Ka5 42. Kd3 Kxa6 43. Kxc3 Kb6 44. Kd4 Kc6 45. Ke5 Kd7 46. h4 Nc6+ 47. Kf5 Ne7+ 48. Kg5 Ng8 49. h5 Ke7 50. Bb3 Nf6 51. Kh4 Nd7 52. g4 f6 53. Kg3 Nc5 54. Ba2 Ne4+ 55. Kf4 Nd6 56. e4 Kf8 57. e5 fxe5+ 58. Kxe5 Ke7 59. g5 Ne8 60. Bb3 Kf8 61. Ke6 Nc7+ 62. Kf5 1-0

[Event "IECC CL5-2005.07 email"]
[Site "IECC email"]
[Date "2005.04.06"]
[Round "?"]
[White "Pedersen, Jan"]
[Black "Vio, Mauro"]
[Result "0-1"]
[WhiteElo "1410"]
[BlackElo "1479"]
[PlyCount "44"]
[EventDate "2005.??.??"]
[EventType "tourn (corr)"]
[EventRounds "4"]
[SourceTitle "Corr 2015"]
[Source "ChessBase"]
[SourceDate "2015.07.17"]
[SourceVersion "1"]
[SourceVersionDate "2015.07.17"]
[SourceQuality "1"]

1. Nf3 Nf6 2. c4 d5 3. d4 dxc4 4. e3 b5 5. b3 cxb3 6. Qxb3 a6 7. Nc3 e6 8. Bd3 c5 9. Bc2 c4 10. Qb1 b4 11. Ne2 Be7 12. Ne5 0-0 13. Nxc4 Bb7 14. f3 Qc7 15. Ne5 Rc8 16. Bd3 Nc6 17. Nxc6 Bxc6 18. 0-0 Ba4 19. Bb2 Bc2 20. Bxc2 Qxc2 21. Rf2 Qd2 22. Kf1 Rc2 0-1

[Event "IECC CL4-2005.04 email"]
[Site "IECC email"]
[Date "2005.03.12"]
[Round "?"]
[White "Shah, Sehba"]
[Black "Pedersen, Jan"]
[Result "1-0"]
[WhiteElo "1755"]
[BlackElo "1397"]
[PlyCount "35"]
[EventDate "2005.??.??"]
[EventType "tourn (corr)"]
[EventRounds "4"]
[SourceTitle "Corr 2015"]
[Source "ChessBase"]
[SourceDate "2015.07.17"]
[SourceVersion "1"]
[SourceVersionDate "2015.07.17"]
[SourceQuality "1"]

1. e4 e5 2. Nf3 d6 3. d4 exd4 4. Qxd4 Qf6 5. Qd3 Bd7 6. Nc3 h6 7. Nd5 Qd8 8. Be2 Nc6 9. Be3 Nf6 10. 0-0 Be7 11. Rad1 0-0 12. c4 Ng4 13. Bf4 Nge5 14. Bxe5 Nxe5 15. Nxe5 Ba4 16. b3 Be8 17. Nf3 Bd7 18. e5 1-0

[Event "IECC CL6-2005.01 email"]
[Site "IECC email"]
[Date "2005.01.24"]
[Round "?"]
[White "Pedersen, Jan"]
[Black "Bousquet, Christophe"]
[Result "1-0"]
[WhiteElo "1391"]
[BlackElo "1156"]
[PlyCount "115"]
[EventDate "2005.??.??"]
[EventType "tourn (corr)"]
[EventRounds "4"]
[SourceTitle "Corr 2008"]
[Source "ChessBase"]
[SourceDate "2008.06.24"]
[SourceVersion "1"]
[SourceVersionDate "2008.06.24"]
[SourceQuality "1"]

1. e4 e5 2. Nf3 Nc6 3. Bc4 Bc5 4. c3 Nf6 5. d4 exd4 6. cxd4 Bb4+ 7. Nc3 Nxe4 8. 0-0 Bxc3 9. d5 Bf6 10. Re1 Ne7 11. Rxe4 d6 12. Bg5 Bxg5 13. Nxg5 0-0 14. Nxh7 Bf5 15. Rxe7 Qxe7 16. Nxf8 Rxf8 17. Qd2 Qe4 18. Bb5 a6 19. Re1 Qc2 20. Qxc2 Bxc2 21. Bd7 Kh7 22. f3 Kg6 23. Rc1 Rd8 24. Bh3 Bd3 25. Rxc7 b5 26. Rc8 Rxc8 27. Bxc8 b4 28. Kf2 a5 29. a3 Bf5 30. Ba6 Kf6 31. axb4 axb4 32. Ke3 Ke5 33. Bc4 g5 34. g3 Bb1 35. h4 gxh4 36. gxh4 Bg6 37. Bb3 Bh5 38. Kd3 f5 39. Ke3 f4+ 40. Ke2 Kd4 41. Ba2 Bg6 42. Kd2 Kc5 43. Kc1 Bh5 44. Kd2 Bxf3 45. Kd3 Kb5 46. Bb3 Bh5 47. Ke4 f3 48. Ke3 Bg4 49. Kf2 Kc5 50. Ke3 Bh5 51. Bd1 f2 52. Be2 Bxe2 53. Kxe2 f1Q+ 54. Kxf1 Kxd5 55. Ke2 Ke4 56. h5 Kf5 57. Ke3 Kg5 58. Kd4 1-0

[Event "IECC CL6-2005.01 email"]
[Site "IECC email"]
[Date "2005.01.24"]
[Round "?"]
[White "Pedersen, Jan"]
[Black "Popp, Tony"]
[Result "1-0"]
[WhiteElo "1394"]
[BlackElo "1394"]
[PlyCount "65"]
[EventDate "2005.??.??"]
[EventType "tourn (corr)"]
[EventRounds "4"]
[SourceTitle "Corr 2015"]
[Source "ChessBase"]
[SourceDate "2015.07.17"]
[SourceVersion "1"]
[SourceVersionDate "2015.07.17"]
[SourceQuality "1"]

1. e4 e5 2. Nf3 Nf6 3. d4 Nxe4 4. dxe5 d5 5. Nbd2 Nc5 6. Nb3 Be6 7. Be3 Nbd7 8. Nbd4 Bg4 9. Be2 h6 10. h3 Bh5 11. 0-0 Ne4 12. e6 Ndf6 13. Ne5 Bg6 14. Bb5+ c6 15. Ndxc6 bxc6 16. Bxc6+ Ke7 17. Bxa8 Qxa8 18. exf7 Bxf7 19. f3 Nd6 20. Re1 Nd7 21. Nxf7 Kxf7 22. Qd4 a6 23. Qf4+ Nf6 24. Bd4 Nb5 25. Rad1 Bd6 26. Be5 Bc5+ 27. Kf1 Qb7 28. c4 Na7 29. Rxd5 Bb4 30. Red1 Qa8 31. Bxf6 gxf6 32. Rd7+ Be7 33. R1d6 1-0

[Event "North Sea Cup 19th"]
[Site "Esbjerg"]
[Date "2004.07.03"]
[Round "1"]
[White "Pedersen, Jan"]
[Black "Petersen, Tom Petri"]
[Result "0-1"]
[WhiteElo "2393"]
[BlackElo "2233"]
[PlyCount "72"]
[EventDate "2004.07.03"]
[EventType "swiss"]
[EventRounds "9"]
[EventCountry "DEN"]
[SourceTitle "CBM 101 Extra"]
[Source "ChessBase"]
[SourceDate "2004.09.01"]
[SourceVersion "2"]
[SourceVersionDate "2004.09.01"]
[SourceQuality "1"]

1. e4 g6 2. d4 Bg7 3. Nf3 d6 4. Be2 Nf6 5. Nc3 0-0 6. 0-0 Nbd7 7. Bg5 h6 8. Be3 e5 9. Qd2 Ng4 10. Rad1 Nxe3 11. Qxe3 c6 12. dxe5 dxe5 13. Na4 Qa5 14. b3 Re8 15. Nd2 Bf8 16. Nc4 Qc7 17. Ncb2 h5 18. c4 b6 19. Rd3 Kh7 20. Rfd1 Bh6 21. Qf3 Nf8 22. h3 Qe7 23. Rd6 Ne6 24. c5 b5 25. Nc3 Nd4 26. Qd3 Be6 27. Bf1 Rad8 28. Rxd8 Rxd8 29. b4 a5 30. a3 axb4 31. axb4 Bb3 32. Qb1 Bxd1 33. Ncxd1 Qa7 34. Nd3 f6 35. Nc3 Qa3 36. Qe1 Nc2 0-1

[Event "IECC CL6-2004.14 email"]
[Site "IECC email"]
[Date "2004.06.30"]
[Round "?"]
[White "Popp, Tony"]
[Black "Pedersen, Jan"]
[Result "0-1"]
[WhiteElo "1313"]
[BlackElo "1381"]
[PlyCount "52"]
[EventDate "2004.??.??"]
[EventType "tourn (corr)"]
[EventRounds "4"]
[SourceTitle "Corr 2008"]
[Source "ChessBase"]
[SourceDate "2008.06.24"]
[SourceVersion "1"]
[SourceVersionDate "2008.06.24"]
[SourceQuality "1"]

1. e4 d5 2. d4 dxe4 3. Nc3 e5 4. Nxe4 Qxd4 5. Bd3 Nc6 6. Nf3 Qd8 7. 0-0 f5 8. Ng3 e4 9. Bb5 Qxd1 10. Rxd1 exf3 11. Re1+ Be7 12. Bf4 fxg2 13. Rad1 Nf6 14. Bxc7 Kf7 15. Bc4+ Kg6 16. f4 Bd8 17. Bd6 Bb6+ 18. Kxg2 Nd4 19. c3 Nc2 20. Re2 Ne3+ 21. Rxe3 Bxe3 22. Kf3 Bb6 23. Be7 Re8 24. Bxf6 Re3+ 25. Kf2 gxf6 26. Kg2 Be6 0-1

[Event "IECC CL6-2004.06 email"]
[Site "IECC email"]
[Date "2004.03.12"]
[Round "?"]
[White "Parkes, Terry"]
[Black "Pedersen, Jan"]
[Result "0-1"]
[WhiteElo "1306"]
[BlackElo "1372"]
[PlyCount "40"]
[EventDate "2004.??.??"]
[EventType "tourn (corr)"]
[EventRounds "4"]
[SourceTitle "Corr 2008"]
[Source "ChessBase"]
[SourceDate "2008.06.24"]
[SourceVersion "1"]
[SourceVersionDate "2008.06.24"]
[SourceQuality "1"]

1. d4 e6 2. c4 f5 3. Nc3 Nf6 4. Nf3 Be7 5. Bf4 0-0 6. h3 d5 7. e3 c5 8. Be2 a6 9. 0-0 Nc6 10. a3 Ne4 11. Ne5 g5 12. Nxc6 bxc6 13. Be5 Bd6 14. Bxd6 Qxd6 15. Nxe4 fxe4 16. dxc5 Qxc5 17. Rc1 Qb6 18. b4 Bd7 19. Bg4 Qa7 20. Bxe6+ Bxe6 0-1

[Event "IECC CL6-2003.24 email"]
[Site "IECC email"]
[Date "2003.10.10"]
[Round "?"]
[White "Mariani, Danilo"]
[Black "Pedersen, Jan"]
[Result "1/2-1/2"]
[WhiteElo "1421"]
[BlackElo "1349"]
[PlyCount "81"]
[EventDate "2003.??.??"]
[EventType "tourn (corr)"]
[EventRounds "4"]
[SourceTitle "Corr 2008"]
[Source "ChessBase"]
[SourceDate "2008.06.24"]
[SourceVersion "1"]
[SourceVersionDate "2008.06.24"]
[SourceQuality "1"]

1. d4 e6 2. e4 d5 3. e5 c5 4. Nf3 cxd4 5. Bd3 Nc6 6. 0-0 f6 7. Bf4 Bc5 8. a3 fxe5 9. Nxe5 Nxe5 10. Bxe5 Nf6 11. Re1 0-0 12. Nd2 Bd6 13. Bxd4 Qc7 14. Nf3 Ng4 15. Ng5 e5 16. Nxh7 exd4 17. Nxf8 Bxh2+ 18. Kf1 Kxf8 19. Bb5 Nf6 20. Qxd4 Bf4 21. Re2 a6 22. Bd3 Bg4 23. f3 Nh5 24. fxg4 Ng3+ 25. Kg1 Nxe2+ 26. Bxe2 Qe5 27. Qxe5 Bxe5 28. Rf1+ Ke7 29. b3 Rh8 30. Kf2 Bd4+ 31. Ke1 Bc3+ 32. Kd1 Rd8 33. g5 b5 34. g6 Rd6 35. Bd3 Re6 36. g4 Kd6 37. Kc1 Re1+ 38. Rxe1 Bxe1 39. Kb2 Bg3 40. a4 Kc5 41. axb5 1/2-1/2

[Event "IECC CL6-2003.24 email"]
[Site "IECC email"]
[Date "2003.10.10"]
[Round "?"]
[White "Pedersen, Jan"]
[Black "Vlaar, Nick T"]
[Result "1-0"]
[WhiteElo "1352"]
[BlackElo "1305"]
[PlyCount "35"]
[EventDate "2003.??.??"]
[EventType "tourn (corr)"]
[EventRounds "4"]
[SourceTitle "Corr 2008"]
[Source "ChessBase"]
[SourceDate "2008.06.24"]
[SourceVersion "1"]
[SourceVersionDate "2008.06.24"]
[SourceQuality "1"]

1. e4 c5 2. d4 cxd4 3. Nf3 e5 4. Bc4 d6 5. Ng5 Nh6 6. 0-0 Be7 7. Nf3 Qc7 8. Be2 Nc6 9. c3 Bf6 10. Bg5 Bxg5 11. Nxg5 0-0 12. cxd4 Nxd4 13. Nc3 Nxe2+ 14. Nxe2 f6 15. Qb3+ Qf7 16. Nxf7 Rxf7 17. Rfd1 Kh8 18. Rxd6 1-0

[Event "IECC CL6-2003.16 email"]
[Site "IECC email"]
[Date "2003.07.14"]
[Round "?"]
[White "Pedersen, Jan"]
[Black "Popp, Tony"]
[Result "1/2-1/2"]
[WhiteElo "1400"]
[BlackElo "1279"]
[PlyCount "51"]
[EventDate "2003.??.??"]
[EventType "tourn (corr)"]
[EventRounds "4"]
[SourceTitle "Corr 2008"]
[Source "ChessBase"]
[SourceDate "2008.06.24"]
[SourceVersion "1"]
[SourceVersionDate "2008.06.24"]
[SourceQuality "1"]

1. e4 g6 2. d4 Bg7 3. c4 d6 4. Nc3 e5 5. dxe5 Bxe5 6. Qc2 f5 7. Bd3 fxe4 8. Nxe4 Nc6 9. Nf3 Nd4 10. Nxd4 Bxd4 11. 0-0 Nf6 12. Bg5 0-0 13. Nxf6+ Bxf6 14. f4 Bxg5 15. fxg5 Qxg5 16. h4 Qh5 17. Rxf8+ Kxf8 18. Qf2+ Bf5 19. Rf1 Kg8 20. Bxf5 gxf5 21. Qxf5 Qxf5 22. Rxf5 Re8 23. g3 Re2 24. Rf2 Re4 25. b3 Kg7 26. Kg2 1/2-1/2

[Event "DEN-chB"]
[Site "Horsens"]
[Date "2003.04.18"]
[Round "4"]
[White "Pedersen, Jan"]
[Black "Rasmussen, Casper"]
[Result "1/2-1/2"]
[WhiteElo "2417"]
[BlackElo "2318"]
[PlyCount "63"]
[EventDate "2003.04.15"]
[EventType "swiss"]
[EventRounds "7"]
[EventCountry "DEN"]
[SourceTitle "EXT 2005"]
[Source "ChessBase"]
[SourceDate "2004.11.15"]
[SourceVersion "1"]
[SourceVersionDate "2004.11.15"]
[SourceQuality "1"]

1. e4 c5 2. Nf3 e6 3. d3 Nc6 4. g3 g6 5. Bg2 Bg7 6. 0-0 Nge7 7. c3 e5 8. Be3 d6 9. Na3 0-0 10. h3 h6 11. d4 exd4 12. cxd4 d5 13. dxc5 dxe4 14. Nd2 Nd5 15. Nac4 f5 16. Qb3 Kh7 17. Rad1 Qe7 18. Nd6 Nxe3 19. Qxe3 Be6 20. N2c4 Rfd8 21. b3 Bxc4 22. bxc4 b6 23. g4 Bd4 24. Rxd4 Nxd4 25. gxf5 Nxf5 26. Qxe4 Qxe4 27. Bxe4 Nxd6 28. Bxa8 Nxc4 29. Rc1 Rxa8 30. Rxc4 Rc8 31. Ra4 Rc7 32. cxb6 1/2-1/2

[Event "IECG CF.2003.0.00043 email"]
[Site "IECG email"]
[Date "2003.02.19"]
[Round "?"]
[White "Pedersen, Jan"]
[Black "Aleksandrov, Mitko"]
[Result "1-0"]
[WhiteElo "1072"]
[BlackElo "1000"]
[PlyCount "27"]
[EventDate "2003.02.19"]
[EventType "tourn (corr)"]
[EventRounds "6"]
[SourceTitle "Corr 2008"]
[Source "ChessBase"]
[SourceDate "2008.06.24"]
[SourceVersion "1"]
[SourceVersionDate "2008.06.24"]
[SourceQuality "1"]

1. e4 e6 2. d4 d5 3. Nc3 Bb4 4. e5 c5 5. a3 Bxc3+ 6. bxc3 Ne7 7. Bg5 Qa5 8. Qd3 Nbc6 9. Bxe7 Kxe7 10. Nf3 cxd4 11. Nxd4 Nxe5 12. Qg3 Ng6 13. Be2 e5 14. 0-0 1-0

[Event "DEN-chT 0203"]
[Site "Denmark"]
[Date "2002.11.17"]
[Round "2.2"]
[White "Greger, Roland Reinhard"]
[Black "Pedersen, Jan"]
[Result "1/2-1/2"]
[WhiteElo "2365"]
[BlackElo "2407"]
[PlyCount "87"]
[EventDate "2002.11.06"]
[EventType "team"]
[EventRounds "7"]
[EventCountry "DEN"]
[SourceTitle "EXT 2006"]
[Source "ChessBase"]
[SourceDate "2005.11.24"]
[SourceVersion "1"]
[SourceVersionDate "2005.11.24"]
[SourceQuality "1"]

1. e4 e6 2. d4 d5 3. e5 Bd7 4. Nf3 a6 5. Be3 Nh6 6. Nbd2 Nf5 7. Bd3 Be7 8. Qe2 0-0 9. 0-0-0 Nxe3 10. Qxe3 c5 11. dxc5 Qa5 12. Nb3 Qxa2 13. Kd2 Qa4 14. Nfd4 Bxc5 15. Ra1 Qb4+ 16. c3 Qb6 17. Nxc5 Qxc5 18. b4 Qc7 19. b5 Bc8 20. f4 Nd7 21. g4 Nc5 22. g5 Bd7 23. bxa6 bxa6 24. h4 Rfc8 25. Bc2 Rab8 26. h5 Rb2 27. g6 fxg6 28. hxg6 h6 29. f5 Ba4 30. Rxa4 Nxa4 31. f6 Qxc3+ 32. Qxc3 Nxc3 33. f7+ Kf8 34. Nxe6+ Ke7 35. Nd4 Ne4+ 36. Kc1 Rbxc2+ 37. Nxc2 Nf2 38. Rh5 Nd3+ 39. Kd2 Nf4 40. Rf5 Nxg6 41. Nd4 h5 42. Rxh5 Kxf7 43. e6+ Ke7 44. Rxd5 1/2-1/2